Problemas relacionados con el consumo de alcohol en jóvenes de la provincia de Jujuy, Argentina /

El objetivo general de este articulo es examinar los patrones de consumo y los problemas relacionados con el alcohol en jóvenes de la provincia de Jujuy, Argentina

Uloženo v:
Podrobná bibliografie
Hlavní autor: Alderete, Ethel
Další autoři: Kaplan, Celia P., Nah, Gregory, Pérez-Stable, Eliseo
Médium: Text
Témata:
Tagy: Přidat tag
Žádné tagy, Buďte první, kdo vytvoří štítek k tomuto záznamu!

MARC

LEADER 00000 a a2200000 04500
001 17307
003
040
100 |a Alderete, Ethel  
245 |a Problemas relacionados con el consumo de alcohol en jóvenes de la provincia de Jujuy, Argentina /  |c Ethel Alderete ; Celia P. Kaplan ; Gregory Nah ; Eliseo Pérez-Stable 
520 |a El objetivo general de este articulo es examinar los patrones de consumo y los problemas relacionados con el alcohol en jóvenes de la provincia de Jujuy, Argentina  
650 |a SALUD  
650 |a ALCOHOLISMO  
650 |a ADOLESCENTES  
650 |a PROBLEMAS SOCIALES  
650 |a ARGENTINA  
650 |a ESTADISTICAS DE SALUD  
700 |a Kaplan, Celia P.  
700 |a Nah, Gregory  
700 |a Pérez-Stable, Eliseo  
773 |g volumen 50, número 4; páginas 300-307  
999 |c 30242  |d 30242